000 00683nam a2200217 u 4500
005 20240228064150.0
008 141001s2011 r 000 0 eng d
035 _aUPN01000199883
049 _aI
050 4 _aPZ59
_bC7.7
100 1 _aCrausaz, Anne,
_d1970-
_936419
245 1 0 _aRaymundo sueña /
_cAnne Crausaz ; tr. Ana Laura Tapia González.
260 _aMéxico :
_bPetra,
_c2011.
300 _a[48] p. :
_bil. principalmente
534 _pTítulo original:
_tRaymond réve
650 4 _aLITERATURA INFANTIL SUIZA
_921898
650 7 _aLibros ilustrados para niños
_2
_921365
650 4 _aLibros y lectura para niños
_92290
905 _aInfantil
999 _c171984
_d171984